Statistics for Countries that Produce the most Helium

Click here to take the quiz!

General Stats

  • This quiz has been taken 35 times
  • The average score is 5 of 8

Answer Stats

Produced quantityCountry% Correct
89United States
100%
1Canada
97%
2Russia
97%
<1China
91%
4Australia
70%
2Poland
36%
14Algeria
21%
51Qatar
21%

Score Distribution

Percentile by Number Answered

Percent of People with Each Score

Your Score History

You have not taken this quiz